000 00538nam a2200181Ia 4500
003 IN-BaIIA
005 20250701120314.0
008 211028s9999 xx 000 0 eng d
040 _cIIA Library
080 _a52(083)
_bOBR
100 _aObrecht, A .
_9979
245 0 _aDetermination de la hora(in French)
_cA. Obrecht
260 _aChile,
_bImprenta litografia universo
_c1907
300 _a293p.
650 _aAstronomy and Astrophysics Thesaurus
650 _aTables
942 _cBK
_2ddc
999 _c428
_d428